000 00552nam a22002057a 4500
003 koha_MIRAKIL
005 20231213100041.0
008 231213b |||||||| |||| 00| 0 ||| d
020 _b978-9-75434531-5 (paperback)
040 _aTR-IsEVY
_btur
_cTR-IsEVY
082 _a153.43 KAH/H
100 _aKahneman, Daniel, 1934-
245 0 _aHızlı ve yavaş düşünme
250 _a3. bs.
260 _bVarlık Yayınları,
_c2015
300 _a465 pages
650 _aDecision making.
650 _aDüşünce ve düşünme.
942 _2ddc
_cBK
999 _c13701
_d13701